000 00867cab a2200277 4500
001 WB2931-74
008 090401t1993 xxu||||| |||| 00| 0 eng d
035 _a(Sirsi) u6069
041 _aeng
245 _aWoodfuel growers sought
260 _c1993
350 _a0
490 _aWestern Morning News
_v11 August 1993, 9(1)
520 _aSouth Western Electricity Board seek farmers considering turning set-aside land into coppice as they could provide fuel for a woodfuel generating station planned by SWEB for mid-Cornwall.
650 _aARABLE COPPICING
650 _aBIOMASS FUEL
650 _aBIOMASS POWER PLANT
650 _aCOPPICES
650 _aELECTRICITY GENERATION
650 _aSET-ASIDE
650 _aWOODFUEL
690 _aENVIRONMENTAL AND LAND CONSULTANCY-ENERGY
690 _aRURAL PRACTICE
942 _n0
948 _c04/03/1997
999 _c3639
_d3639